| 000 | 00694nam a2200253 4500 | ||
|---|---|---|---|
| 001 | 321957 | ||
| 003 | ARRUPE | ||
| 005 | 20161103115412.0 | ||
| 008 | 740927s1972 enk 000 0 eng | ||
| 010 | _a 74179858 | ||
| 015 | _aGB72-17854 | ||
| 020 | _a0232511756 | ||
| 040 |
_aDLC _cDLC _dDLC |
||
| 050 | 0 | 0 |
_aBR110 _b.H326 1972 |
| 082 | 0 | 0 | _a248 |
| 100 | 1 |
_aHaughton, Rosemary. _94523 |
|
| 245 | 1 | 4 |
_aThe knife edge of experience. _cRosemary haughton |
| 260 |
_aLondon, _bDarton, Longman & Todd, _c1972. |
||
| 300 |
_a168 p. _c23 cm. |
||
| 350 | _a£2.25 | ||
| 650 | 0 |
_aExperience (Religion) _927282 |
|
| 906 |
_a7 _bcbc _corignew _d3 _encip _f19 _gy-gencatlg |
||
| 942 |
_2lcc _cMONOGRAPH |
||
| 999 |
_c125670 _d125670 |
||